000 00585nam a2200181 a 4500
001 000037160
005 20200930080159.0
008 120220s1960 ag 000 0 spa d
040 _aDO-SdBNP
_bspa
_cBNPHU
082 _axxxx
_bE79c
240 0 0 _aEat et clases dans l´antiquité esclavagiste
_lEspañol
245 0 0 _aEstado y clases en la antigüedad esclavista; Floreal Mazía.
260 _aBuenos Aires :
_bPlatina,
_c1960.
300 _a190 p. ;
_c20 cm.
490 1 _aHechos, ideas y ciencia
700 1 _aMazía, Floreal,
_etr.
_99797
830 0 _aHechos, ideas y ciencia
_963563
999 _c36650
_d36650